Statistics for Countries with the Largest Hotels

Click here to take the quiz!

General Stats

  • This quiz has been taken 104 times
  • The average score is 15 of 20

Answer Stats

Hotel Rooms Country % Correct
The Venetian and The Palazzo7,117United States
100%
Sands Cotai Central6,000China
98%
Shinagawa Prince Hotel3,680Japan
95%
JW Marriott Marquis Dubai1,608United Arab Emirates
94%
Chelsea Hotel1,590Canada
92%
Royal National Hotel1,630United Kingdom
92%
Moon Palace Golf & Spa3,407Mexico
88%
Anjum Hotel Makkah1,743Saudi Arabia
83%
Izmailovo Hotel5,000Russia
82%
Crown Casino1,604Australia
82%
Lopesan Costa Meloneras Resort1,136Spain
81%
Ambassador City Jomtien4,219Thailand
77%
Marina Bay Sands2,561Singapore
77%
First World Hotel7,351Malaysia
71%
Premier Havana Nha Trang1,260Vietnam
69%
Hard Rock Hotel Punta Cana1,775Dominican Republic
58%
Oasis Beach Hotel2,628Turkey
57%
Atlantis Paradise Island3,414Bahamas
57%
Gothia Towers1,200Sweden
45%
Rin Grand Hotel1,549Romania
10%

Score Distribution

Percentile by Number Answered

Percent of People with Each Score

Your Score History

You have not taken this quiz